Länder nach Flüssen 2# - Statistiken

Allgemein
  • Dieses Quiz wurde 91 mal gespielt
  • Das Durchschnittsergebnis liegt bei 8 aus 14
Antwortstatistiken
Flussbeispiel(e) Land % Korrekt
Weichsel Polen
98%
Garonne; Rhone Frankreich
94%
Ob; Amur; Newa Russland
90%
Moldau; Eger Tschechien
89%
Bow River; Sankt Lorenz Strom Kanada
86%
Rio Parana; Rio Uruguay Argentinien
82%
Mahanadi; Narmada; Godavari Indien
51%
Rio Santa Catarina; Rio Verde Mexiko
47%
Tone; Kiso; Asahi River Japan
46%
Li River China
43%
Chao Phraya; Ping Thailand
36%
Rio Upla; Rio Cauca Kolumbien
29%
Klang; Sungai Pahang Malaysia
17%
Lacui Tei Rumänien
5%
Keine übereinstimmenden Quizze gefunden
Verteilung der Resultate
Anzahl Personen mit jedem Resultat
Perzentil nach korrekt beantworteten Fragen
Ihre Resultats-Entwicklung
Sie haben dieses Quiz noch nicht gespielt